Občanský zákoník a předpisy souvisící. 2.část

Salvato in:
Dettagli Bibliografici
Natura: Libro
Lingua:ceco
Pubblicazione: Praha : Panorama, 1981
Edizione:2.dopl.a přepr.vyd.
Soggetti:
Tags: Aggiungi Tag
Nessun Tag, puoi essere il primo ad aggiungerne!!

MARC

LEADER 00000nam a22000003a 4500
001 stu40066
005 20150408180738.0
008 930401s1981----cs------------------cze-d
040 |a STU  |b slo 
041 0 |a cze 
044 |a cs 
080 |a 347(094.5) 
245 |a Občanský zákoník a předpisy souvisící. 2.část 
250 |a 2.dopl.a přepr.vyd. 
260 |a Praha :  |b Panorama,  |c 1981 
300 |a 370 s 
650 7 |a Právo občianske  |2 stusub 
650 7 |a zákonník  |2 stusub 
996 |b 284M007912  |c M*2530/2-1  |l MMKN  |s A  |a 24  |w stu40066_0001